<?xml version="1.0" encoding="UTF-8"?><marc:collection xmlns:marc="http://www.loc.gov/MARC21/slim">
  <marc:record>
    <marc:leader>06934nas a2200901 c 4500</marc:leader>
    <marc:controlfield tag="001">010038736</marc:controlfield>
    <marc:controlfield tag="003">DE-101</marc:controlfield>
    <marc:controlfield tag="005">20250404155130.0</marc:controlfield>
    <marc:controlfield tag="007">tu</marc:controlfield>
    <marc:controlfield tag="008">991118d19062002au u||p|  ||| 0||||1ger c</marc:controlfield>
    <marc:datafield tag="016" ind1="7" ind2=" ">
      <marc:subfield code="2">DE-600</marc:subfield>
      <marc:subfield code="a">2690-6</marc:subfield>
    </marc:datafield>
    <marc:datafield tag="016" ind1="7" ind2=" ">
      <marc:subfield code="2">DE-101</marc:subfield>
      <marc:subfield code="a">010038736</marc:subfield>
    </marc:datafield>
    <marc:datafield tag="022" ind1=" " ind2=" ">
      <marc:subfield code="a">1012-6066</marc:subfield>
    </marc:datafield>
    <marc:datafield tag="022" ind1=" " ind2=" ">
      <marc:subfield code="a">0505-5024</marc:subfield>
    </marc:datafield>
    <marc:datafield tag="035" ind1=" " ind2=" ">
      <marc:subfield code="a">(DE-599)ZDB2690-6</marc:subfield>
    </marc:datafield>
    <marc:datafield tag="035" ind1=" " ind2=" ">
      <marc:subfield code="a">(OCoLC)1367292778</marc:subfield>
    </marc:datafield>
    <marc:datafield tag="040" ind1=" " ind2=" ">
      <marc:subfield code="a">9001</marc:subfield>
      <marc:subfield code="b">ger</marc:subfield>
      <marc:subfield code="c">DE-101</marc:subfield>
      <marc:subfield code="d">9999</marc:subfield>
    </marc:datafield>
    <marc:datafield tag="041" ind1=" " ind2=" ">
      <marc:subfield code="a">ger</marc:subfield>
    </marc:datafield>
    <marc:datafield tag="042" ind1=" " ind2=" ">
      <marc:subfield code="a">zdb</marc:subfield>
    </marc:datafield>
    <marc:datafield tag="044" ind1=" " ind2=" ">
      <marc:subfield code="c">XA-AT</marc:subfield>
      <marc:subfield code="c">XA-AAAT</marc:subfield>
    </marc:datafield>
    <marc:datafield tag="082" ind1="7" ind2="4">
      <marc:subfield code="a">550</marc:subfield>
      <marc:subfield code="q">DE-101</marc:subfield>
      <marc:subfield code="2">22sdnb</marc:subfield>
    </marc:datafield>
    <marc:datafield tag="083" ind1="7" ind2=" ">
      <marc:subfield code="a">550</marc:subfield>
      <marc:subfield code="q">DE-600</marc:subfield>
      <marc:subfield code="2">22sdnb</marc:subfield>
    </marc:datafield>
    <marc:datafield tag="084" ind1=" " ind2=" ">
      <marc:subfield code="a">14</marc:subfield>
      <marc:subfield code="a">16,13</marc:subfield>
      <marc:subfield code="2">ssgn</marc:subfield>
    </marc:datafield>
    <marc:datafield tag="110" ind1="2" ind2=" ">
      <marc:subfield code="0">(DE-588)43254-4</marc:subfield>
      <marc:subfield code="0">https://d-nb.info/gnd/43254-4</marc:subfield>
      <marc:subfield code="0">(DE-101)000432547</marc:subfield>
      <marc:subfield code="a">Zentralanstalt für Meteorologie und Geodynamik</marc:subfield>
      <marc:subfield code="e">Verfasser</marc:subfield>
      <marc:subfield code="4">aut</marc:subfield>
      <marc:subfield code="2">gnd</marc:subfield>
    </marc:datafield>
    <marc:datafield tag="245" ind1="1" ind2="0">
      <marc:subfield code="a">Jahrbuch der Zentralanstalt für Meteorologie und Geodynamik</marc:subfield>
      <marc:subfield code="b">Beobachtungsergebnisse</marc:subfield>
    </marc:datafield>
    <marc:datafield tag="246" ind1="3" ind2=" ">
      <marc:subfield code="a">Publikation / Jahrbücher der Zentralanstalt für Meteorologie und Geodynamik</marc:subfield>
    </marc:datafield>
    <marc:datafield tag="246" ind1="3" ind2=" ">
      <marc:subfield code="a">Publikation / Jahrbuch der Zentralanstalt für Meteorologie und Geodynamik</marc:subfield>
    </marc:datafield>
    <marc:datafield tag="246" ind1="3" ind2=" ">
      <marc:subfield code="a">Beobachtungsergebnisse</marc:subfield>
    </marc:datafield>
    <marc:datafield tag="247" ind1="0" ind2="0">
      <marc:subfield code="a">Jahrbücher der K.K. Zentralanstalt für Meteorologie und Geodynamik</marc:subfield>
      <marc:subfield code="f">Hauptsacht. bis N.F. 51=59.1914</marc:subfield>
    </marc:datafield>
    <marc:datafield tag="247" ind1="0" ind2="0">
      <marc:subfield code="a">Jahrbücher der Zentralanstalt für Meteorologie und Geodynamik</marc:subfield>
      <marc:subfield code="f">Hauptsacht. bis N.F. 117=125.1980</marc:subfield>
    </marc:datafield>
    <marc:datafield tag="247" ind1="0" ind2="0">
      <marc:subfield code="a">amtliche Veröffentlichung</marc:subfield>
      <marc:subfield code="f">Zusatz anfangs</marc:subfield>
    </marc:datafield>
    <marc:datafield tag="264" ind1="3" ind2="1">
      <marc:subfield code="a">Wien</marc:subfield>
      <marc:subfield code="b">Zentralanstalt für Meteorologie und Geodynamik</marc:subfield>
      <marc:subfield code="c">1906-2002</marc:subfield>
    </marc:datafield>
    <marc:datafield tag="264" ind1="2" ind2="1">
      <marc:subfield code="3">anfangs</marc:subfield>
      <marc:subfield code="a">Wien</marc:subfield>
      <marc:subfield code="b">Braumüller</marc:subfield>
    </marc:datafield>
    <marc:datafield tag="264" ind1="2" ind2="1">
      <marc:subfield code="3">früher</marc:subfield>
      <marc:subfield code="a">Wien</marc:subfield>
      <marc:subfield code="b">Gerold</marc:subfield>
    </marc:datafield>
    <marc:datafield tag="336" ind1=" " ind2=" ">
      <marc:subfield code="a">Text</marc:subfield>
      <marc:subfield code="b">txt</marc:subfield>
      <marc:subfield code="2">rdacontent</marc:subfield>
    </marc:datafield>
    <marc:datafield tag="337" ind1=" " ind2=" ">
      <marc:subfield code="a">ohne Hilfsmittel zu benutzen</marc:subfield>
      <marc:subfield code="b">n</marc:subfield>
      <marc:subfield code="2">rdamedia</marc:subfield>
    </marc:datafield>
    <marc:datafield tag="338" ind1=" " ind2=" ">
      <marc:subfield code="a">Band</marc:subfield>
      <marc:subfield code="b">nc</marc:subfield>
      <marc:subfield code="2">rdacarrier</marc:subfield>
    </marc:datafield>
    <marc:datafield tag="362" ind1="0" ind2=" ">
      <marc:subfield code="a">N.F. 41=49.1904(1906) - 74=82.1937(1939); N.F. 75/82=83/90.1938/45(1948); N.F. 83=91.1946(1947) - 117=125.1980(1983); 1987(1993) - 2000(2002)</marc:subfield>
    </marc:datafield>
    <marc:datafield tag="363" ind1="0" ind2="0">
      <marc:subfield code="8">1.1\x</marc:subfield>
      <marc:subfield code="a">41</marc:subfield>
      <marc:subfield code="i">1904</marc:subfield>
    </marc:datafield>
    <marc:datafield tag="363" ind1="1" ind2="0">
      <marc:subfield code="8">1.2\x</marc:subfield>
      <marc:subfield code="a">74</marc:subfield>
      <marc:subfield code="i">1937</marc:subfield>
    </marc:datafield>
    <marc:datafield tag="363" ind1="0" ind2="0">
      <marc:subfield code="8">2.1\x</marc:subfield>
      <marc:subfield code="a">75/82</marc:subfield>
      <marc:subfield code="i">1938/45</marc:subfield>
    </marc:datafield>
    <marc:datafield tag="363" ind1="0" ind2="0">
      <marc:subfield code="8">3.1\x</marc:subfield>
      <marc:subfield code="a">83</marc:subfield>
      <marc:subfield code="i">1946</marc:subfield>
    </marc:datafield>
    <marc:datafield tag="363" ind1="1" ind2="0">
      <marc:subfield code="8">3.2\x</marc:subfield>
      <marc:subfield code="a">117</marc:subfield>
      <marc:subfield code="i">1980</marc:subfield>
    </marc:datafield>
    <marc:datafield tag="363" ind1="0" ind2="0">
      <marc:subfield code="8">4.1\x</marc:subfield>
      <marc:subfield code="i">1987</marc:subfield>
    </marc:datafield>
    <marc:datafield tag="363" ind1="1" ind2="0">
      <marc:subfield code="8">4.2\x</marc:subfield>
      <marc:subfield code="i">2000</marc:subfield>
    </marc:datafield>
    <marc:datafield tag="500" ind1=" " ind2=" ">
      <marc:subfield code="a">neuer Zusatz ab 1987</marc:subfield>
    </marc:datafield>
    <marc:datafield tag="555" ind1="8" ind2=" ">
      <marc:subfield code="a">Index 1/40.1864/1903 in: N.F.41=49.1904,Anh.</marc:subfield>
    </marc:datafield>
    <marc:datafield tag="591" ind1=" " ind2=" ">
      <marc:subfield code="a">Kopie83!18!18!(läuft wieder,4/95)IIA!F1!(26-10-01);IIA(04-08-05)</marc:subfield>
    </marc:datafield>
    <marc:datafield tag="650" ind1=" " ind2="7">
      <marc:subfield code="0">(DE-588)4065852-1</marc:subfield>
      <marc:subfield code="0">https://d-nb.info/gnd/4065852-1</marc:subfield>
      <marc:subfield code="0">(DE-101)04065852X</marc:subfield>
      <marc:subfield code="a">Wetter</marc:subfield>
      <marc:subfield code="9">rswk-swf</marc:subfield>
      <marc:subfield code="2">gnd</marc:subfield>
    </marc:datafield>
    <marc:datafield tag="650" ind1=" " ind2="7">
      <marc:subfield code="0">(DE-588)4067488-5</marc:subfield>
      <marc:subfield code="0">https://d-nb.info/gnd/4067488-5</marc:subfield>
      <marc:subfield code="0">(DE-101)040674886</marc:subfield>
      <marc:subfield code="a">Zeitschrift</marc:subfield>
      <marc:subfield code="9">rswk-swf</marc:subfield>
      <marc:subfield code="2">gnd</marc:subfield>
    </marc:datafield>
    <marc:datafield tag="651" ind1=" " ind2="7">
      <marc:subfield code="0">(DE-588)4043271-3</marc:subfield>
      <marc:subfield code="0">https://d-nb.info/gnd/4043271-3</marc:subfield>
      <marc:subfield code="0">(DE-101)040432718</marc:subfield>
      <marc:subfield code="a">Österreich</marc:subfield>
      <marc:subfield code="9">rswk-swf</marc:subfield>
      <marc:subfield code="2">gnd</marc:subfield>
    </marc:datafield>
    <marc:datafield tag="655" ind1=" " ind2="7">
      <marc:subfield code="0">(DE-588)4067488-5</marc:subfield>
      <marc:subfield code="0">https://d-nb.info/gnd/4067488-5</marc:subfield>
      <marc:subfield code="0">(DE-101)040674886</marc:subfield>
      <marc:subfield code="a">Zeitschrift</marc:subfield>
      <marc:subfield code="2">gnd-content</marc:subfield>
    </marc:datafield>
    <marc:datafield tag="689" ind1="0" ind2="0">
      <marc:subfield code="0">(DE-588)4043271-3</marc:subfield>
      <marc:subfield code="0">https://d-nb.info/gnd/4043271-3</marc:subfield>
      <marc:subfield code="0">(DE-101)040432718</marc:subfield>
      <marc:subfield code="D">g</marc:subfield>
      <marc:subfield code="a">Österreich</marc:subfield>
    </marc:datafield>
    <marc:datafield tag="689" ind1="0" ind2="1">
      <marc:subfield code="0">(DE-588)4065852-1</marc:subfield>
      <marc:subfield code="0">https://d-nb.info/gnd/4065852-1</marc:subfield>
      <marc:subfield code="0">(DE-101)04065852X</marc:subfield>
      <marc:subfield code="D">s</marc:subfield>
      <marc:subfield code="a">Wetter</marc:subfield>
    </marc:datafield>
    <marc:datafield tag="689" ind1="0" ind2="2">
      <marc:subfield code="0">(DE-588)4067488-5</marc:subfield>
      <marc:subfield code="0">https://d-nb.info/gnd/4067488-5</marc:subfield>
      <marc:subfield code="0">(DE-101)040674886</marc:subfield>
      <marc:subfield code="D">s</marc:subfield>
      <marc:subfield code="a">Zeitschrift</marc:subfield>
    </marc:datafield>
    <marc:datafield tag="689" ind1="0" ind2=" ">
      <marc:subfield code="5">DE-600</marc:subfield>
      <marc:subfield code="5">DE-600</marc:subfield>
    </marc:datafield>
    <marc:datafield tag="770" ind1="0" ind2="8">
      <marc:subfield code="i">Supplement</marc:subfield>
      <marc:subfield code="t">Geophysik</marc:subfield>
      <marc:subfield code="d">Wien : [Verlag nicht ermittelbar], 1996-2017</marc:subfield>
      <marc:subfield code="w">(DE-600)1353991-7</marc:subfield>
      <marc:subfield code="w">(DE-101)018529801</marc:subfield>
    </marc:datafield>
    <marc:datafield tag="770" ind1="0" ind2="8">
      <marc:subfield code="i">Supplement</marc:subfield>
      <marc:subfield code="n">1933/34 - 1943/44 u. ab 1982 Beih.</marc:subfield>
      <marc:subfield code="t">Erdmagnetische Berichte</marc:subfield>
      <marc:subfield code="d">Wien : [Verlag nicht ermittelbar], 1958-1992</marc:subfield>
      <marc:subfield code="x">0505-5245</marc:subfield>
      <marc:subfield code="w">(DE-600)957316-1</marc:subfield>
      <marc:subfield code="w">(DE-101)01006253X</marc:subfield>
    </marc:datafield>
    <marc:datafield tag="770" ind1="0" ind2="8">
      <marc:subfield code="i">Supplement</marc:subfield>
      <marc:subfield code="a">Zentralanstalt für Meteorologie und Geodynamik</marc:subfield>
      <marc:subfield code="t">Bericht über die Tätigkeit der Zentralanstalt für Meteorologie und Geodynamik</marc:subfield>
      <marc:subfield code="d">Wien : Anst., 1935-1935</marc:subfield>
      <marc:subfield code="w">(DE-600)245464-6</marc:subfield>
      <marc:subfield code="w">(DE-101)011486481</marc:subfield>
    </marc:datafield>
    <marc:datafield tag="770" ind1="0" ind2="8">
      <marc:subfield code="i">Supplement</marc:subfield>
      <marc:subfield code="t">Seismische Beobachtungen</marc:subfield>
      <marc:subfield code="d">Wien : Zentralanst., 1949-</marc:subfield>
      <marc:subfield code="w">(DE-600)1250128-1</marc:subfield>
      <marc:subfield code="w">(DE-101)017714362</marc:subfield>
    </marc:datafield>
    <marc:datafield tag="770" ind1="0" ind2="8">
      <marc:subfield code="i">Supplement</marc:subfield>
      <marc:subfield code="t">Erdmagnetische Beobachtungen</marc:subfield>
      <marc:subfield code="d">Wien : Zentralanst., 1961-</marc:subfield>
      <marc:subfield code="w">(DE-600)1250126-8</marc:subfield>
      <marc:subfield code="w">(DE-101)017714346</marc:subfield>
    </marc:datafield>
    <marc:datafield tag="770" ind1="0" ind2="8">
      <marc:subfield code="i">Supplement</marc:subfield>
      <marc:subfield code="t">Windmessungen mittelst Pilot- und Registrierballonen im Jahre ...</marc:subfield>
      <marc:subfield code="d">Wien : K. K. Hof- und Staatsdr., 1916-1917</marc:subfield>
      <marc:subfield code="w">(DE-600)2460649-2</marc:subfield>
      <marc:subfield code="w">(DE-101)990972909</marc:subfield>
    </marc:datafield>
    <marc:datafield tag="780" ind1="0" ind2="0">
      <marc:subfield code="i">Vorg.:</marc:subfield>
      <marc:subfield code="a">Kaiserlich-Königliche Zentralanstalt für Meteorologie und Erdmagnetismus</marc:subfield>
      <marc:subfield code="t">Jahrbücher der K.K. Central-Anstalt für Meteorologie und Erdmagnetismus</marc:subfield>
      <marc:subfield code="d">Wien : Braumüller, 1854-1905</marc:subfield>
      <marc:subfield code="x">1012-1056</marc:subfield>
      <marc:subfield code="w">(DE-600)243260-2</marc:subfield>
      <marc:subfield code="w">(DE-101)011471492</marc:subfield>
    </marc:datafield>
    <marc:datafield tag="785" ind1="0" ind2="8">
      <marc:subfield code="i">Interimsausg.</marc:subfield>
      <marc:subfield code="a">Zentralanstalt für Meteorologie und Geodynamik</marc:subfield>
      <marc:subfield code="t">Jahrbuch der Zentralanstalt für Meteorologie und Geodynamik in Wien / 1</marc:subfield>
      <marc:subfield code="d">Wien : Springer, 1939-1941</marc:subfield>
      <marc:subfield code="w">(DE-600)246132-8</marc:subfield>
      <marc:subfield code="w">(DE-101)011490241</marc:subfield>
    </marc:datafield>
    <marc:datafield tag="785" ind1="0" ind2="8">
      <marc:subfield code="i">Interimsausg.</marc:subfield>
      <marc:subfield code="a">Zentralanstalt für Meteorologie und Geodynamik</marc:subfield>
      <marc:subfield code="t">Jahrbuch der Zentralanstalt für Meteorologie und Geodynamik in Wien / 2</marc:subfield>
      <marc:subfield code="d">Wien : Springer, 1940-1942</marc:subfield>
      <marc:subfield code="w">(DE-600)1155960-3</marc:subfield>
      <marc:subfield code="w">(DE-101)016843096</marc:subfield>
    </marc:datafield>
    <marc:datafield tag="785" ind1="0" ind2="8">
      <marc:subfield code="i">Interimsausg.</marc:subfield>
      <marc:subfield code="a">Zentralanstalt für Meteorologie und Geodynamik</marc:subfield>
      <marc:subfield code="t">Jahrbuch der Zentralanstalt für Meteorologie und Geodynamik in Wien / Anhang</marc:subfield>
      <marc:subfield code="d">Wien : Springer, 1940-1940</marc:subfield>
      <marc:subfield code="w">(DE-600)1155966-4</marc:subfield>
      <marc:subfield code="w">(DE-101)016843150</marc:subfield>
    </marc:datafield>
    <marc:datafield tag="785" ind1="0" ind2="8">
      <marc:subfield code="i">N.F. 118=126.1981 - 123=131.1986</marc:subfield>
      <marc:subfield code="a">Zentralanstalt für Meteorologie und Geodynamik</marc:subfield>
      <marc:subfield code="t">Jahrbuch der Zentralanstalt für Meteorologie und Geodynamik / 2</marc:subfield>
      <marc:subfield code="d">Wien : Gerold, 1983-1991</marc:subfield>
      <marc:subfield code="w">(DE-600)270862-0</marc:subfield>
      <marc:subfield code="w">(DE-101)011683929</marc:subfield>
    </marc:datafield>
    <marc:datafield tag="785" ind1="0" ind2="8">
      <marc:subfield code="i">N.F. 118=126.1981 - 123=131.1986</marc:subfield>
      <marc:subfield code="a">Zentralanstalt für Meteorologie und Geodynamik</marc:subfield>
      <marc:subfield code="t">Jahrbuch der Zentralanstalt für Meteorologie und Geodynamik / 1</marc:subfield>
      <marc:subfield code="d">Wien : Gerold, 1982-1984</marc:subfield>
      <marc:subfield code="w">(DE-600)1157690-X</marc:subfield>
      <marc:subfield code="w">(DE-101)016859790</marc:subfield>
    </marc:datafield>
    <marc:datafield tag="785" ind1="0" ind2="0">
      <marc:subfield code="i">Fortgesetzt durch</marc:subfield>
      <marc:subfield code="a">Zentralanstalt für Meteorologie und Geodynamik</marc:subfield>
      <marc:subfield code="t">Jahrbuch / Zentralanstalt für Meteorologie und Geodynamik</marc:subfield>
      <marc:subfield code="d">Wien : ZAMG, 2001-</marc:subfield>
      <marc:subfield code="h">Online-Ressource</marc:subfield>
      <marc:subfield code="w">(DE-600)2148383-8</marc:subfield>
      <marc:subfield code="w">(DE-101)026080400</marc:subfield>
    </marc:datafield>
    <marc:datafield tag="785" ind1="0" ind2="0">
      <marc:subfield code="i">CD-ROM-Ausg. u. Forts.</marc:subfield>
      <marc:subfield code="a">Zentralanstalt für Meteorologie und Geodynamik</marc:subfield>
      <marc:subfield code="t">Jahrbuch / Zentralanstalt für Meteorologie und Geodynamik</marc:subfield>
      <marc:subfield code="d">Wien : Zentralanstalt für Meteorologie und Geodynamik, 2004-</marc:subfield>
      <marc:subfield code="h">CD-ROMs</marc:subfield>
      <marc:subfield code="x">1012-6066</marc:subfield>
      <marc:subfield code="w">(DE-600)2158019-4</marc:subfield>
      <marc:subfield code="w">(DE-101)026357623</marc:subfield>
    </marc:datafield>
    <marc:datafield tag="787" ind1="0" ind2="8">
      <marc:subfield code="i">N.F.60=68 - N.F.117=125 zugl. einzelne Bd.; 1987=352; 1988=355; 1989=358; 1990=360; 1991=363; 1992=376; 1993=377; 1994=380M 1995=381; 1996=386; 1997=390; 1998=391; 1999=392; 2000=407 von</marc:subfield>
      <marc:subfield code="a">Zentralanstalt für Meteorologie und Geodynamik</marc:subfield>
      <marc:subfield code="t">Publikation / Zentralanstalt für Meteorologie und Geodynamik</marc:subfield>
      <marc:subfield code="d">Wien : Zentralanst.  für Meteorologie u. Geodynamik, 1927-</marc:subfield>
      <marc:subfield code="w">(DE-600)243503-2</marc:subfield>
      <marc:subfield code="w">(DE-101)011473614</marc:subfield>
    </marc:datafield>
    <marc:datafield tag="787" ind1="0" ind2="8">
      <marc:subfield code="i">N.F.44,Anh.=1901/04; N.F.46,Anh.=1905/08 von</marc:subfield>
      <marc:subfield code="a">Sonnblick-Observatorium</marc:subfield>
      <marc:subfield code="t">Stunden- und Tageswerte der Autographen-Aufzeichnungen von der Station 1. Ordnung auf dem Sonnblick</marc:subfield>
      <marc:subfield code="d">Wien : Gerold, 1910-1911</marc:subfield>
      <marc:subfield code="w">(DE-600)2062370-7</marc:subfield>
      <marc:subfield code="w">(DE-101)022813497</marc:subfield>
    </marc:datafield>
    <marc:datafield tag="787" ind1="0" ind2="8">
      <marc:subfield code="i">Anhang</marc:subfield>
      <marc:subfield code="n">Anh. 1908</marc:subfield>
      <marc:subfield code="t">Ergebnisse der Beobachtungen des Niederösterreichischen Gewitterstationsnetzes</marc:subfield>
      <marc:subfield code="d">Wien : Gerold, 1901-1910</marc:subfield>
      <marc:subfield code="w">(DE-600)1427195-3</marc:subfield>
      <marc:subfield code="w">(DE-101)019215061</marc:subfield>
    </marc:datafield>
    <marc:datafield tag="787" ind1="0" ind2="8">
      <marc:subfield code="i">Anhang</marc:subfield>
      <marc:subfield code="a">International Meteorological Conference</marc:subfield>
      <marc:subfield code="t">Bericht über die Internationale Meteorologische Direktorenkonferenz</marc:subfield>
      <marc:subfield code="d">Wien : Braumüller, 1899-1906</marc:subfield>
      <marc:subfield code="w">(DE-600)1295195-X</marc:subfield>
      <marc:subfield code="w">(DE-101)01803912X</marc:subfield>
    </marc:datafield>
    <marc:datafield tag="850" ind1=" " ind2=" ">
      <marc:subfield code="a">DE-101a</marc:subfield>
      <marc:subfield code="a">DE-101b</marc:subfield>
    </marc:datafield>
    <marc:datafield tag="889" ind1=" " ind2=" ">
      <marc:subfield code="w">(DE-101)945464045</marc:subfield>
    </marc:datafield>
    <marc:datafield tag="889" ind1=" " ind2=" ">
      <marc:subfield code="w">(DE-600)916303-7</marc:subfield>
    </marc:datafield>
    <marc:datafield tag="925" ind1="r" ind2=" ">
      <marc:subfield code="a">rb</marc:subfield>
    </marc:datafield>
  </marc:record>
</marc:collection>
